Géographie européenne par lettre - L - Statistiques

Statistiques générales
  • Ce quiz a été pris 1 057 fois
  • Le résultat moyen est 11 sur 20
Statistiques - réponses
indice répondre % Correct
Capitale du Royaume-Uni Londres
100%
Capitale du Portugal Lisbonne
98%
Pays Lituanie
96%
Pays Lettonie
94%
Ville natale des Beatles Liverpool
87%
Le plus grand musée d'art du monde Louvre
87%
Saint-Pétersbourg, anciennement Léningrad
86%
Pays Luxembourg
83%
Pays Liechtenstein
74%
Compagnie aérienne nationale allemande Lufthansa
71%
Il rencontre la mer à Saint-Nazaire Loire
68%
Région la plus peuplée et la plus riche d'Italie Lombardie
59%
Île grecque à la maison à Sappho Lesbos
34%
3ème ville de Pologne Łódź
28%
Ville d'Irlande, Luimneach en irlandais Limerick
24%
2ème pôle touristique français, en Occitanie Lourdes
20%
Ville où J.S. Bach a vécu Leipzig
17%
Le plus grand loch écossais (par surface) Loch Lomond
9%
Religion d'Etat de Norvège luthéranisme
8%
District contenant Windermere, Ullswater et Thirlmere {Lake} District
5%
Aucun quiz correspondant
Distribution des résultats
% des personnes avec chaque résultat
Percentile par nombre de réponses
Votre historique - résultats
Vous n’avez pas pris ce quiz